000 01191nam a2200301 i 4500
001 193043
003 ES-MaACL
005 20250627063710.0
007 ta
008 230726s2002 sp a 000 0 spa d
040 _cES-MaACL
_bspa
080 _a75 Rodríguez del Hoyo, Santiago (083.824)
100 1 _aRodríguez del Hoyo, Santiago,
_d1960-
_9174449
245 1 0 _aSantiago Rodríguez del Hoyo :
_bpintura : [exposición] noviembre-diciembre de 2002.
260 _aMadrid :
_bGalería Ángel Romero,
_c[2002]
300 _a[472] p. :
_bprincipalmente il. col. ;
_c24 cm.
336 _2rdacontent
_aTexto
337 _2rdamedia
_asin mediación
338 _2rdacarrier
_avolumen
500 _aCatalogación provisional. Signatura: N 8524. Depósito J.
600 1 4 _aRodríguez del Hoyo, Santiago,
_d1960-
_vExposiciones
_9174450
655 7 _2tgfbne
_9193628
_aCatálogos de exposiciones
852 4 _aES-MaACL
_jN 8524
_9200348
_bR 152853
_cDEPOJ
_d2343-F-15
_zEn proceso
942 _cMONOGRAFIA
_n0
999 _c193043
_d193043